Verbe irrégulier Anglais #5 - Statistiques

Statistiques générales
  • Ce quiz a été pris 989 fois
  • Le résultat moyen est 39 sur 60
Statistiques - réponses
Hint Réponse % Correct
Parler Speak
91%
Nager Swim
89%
Parler Spoke
88%
Parler Spoken
88%
Sentir (odeur) Smell
87%
Prendre Take
86%
Enseigner Teach
85%
nager Swam
84%
Penser Think
83%
prendre Taken
82%
prendre Took
82%
Sentir (odeur) Smelt
80%
Sentir (odeur) Smelt
79%
Comprendre Understand
79%
Gagner (un jeu, un match) Win
78%
Dépenser, passer (du temps) Spend
77%
Epeler Spell
75%
Dépenser, passer (du temps) Spent
75%
comprendre Understood
75%
Dépenser, passer (du temps) Spent
74%
comprendre Understood
74%
nager Swum
73%
Dire, raconter Tell
73%
gagner (un jeu, un match) Won
73%
Ecrire Write
73%
(Se) réveiller Wake
72%
gagner (un jeu, un match) Won
71%
(se) réveiller Woke
70%
écrire Wrote
70%
Epeler Spelled /spelt
69%
écrire Written
69%
Epeler Spelled /spelt
68%
Se lever / être debout Stand
66%
Voler, dérober Steal
66%
voler, dérober Stole
64%
voler, dérober Stolen
64%
(se) réveiller Woken
64%
dire, raconter Told
62%
penser Thought
61%
dire, raconter Told
61%
penser Thought
60%
Coller Stick
58%
se lever / être debout Stood
56%
se lever / être debout Stood
55%
Porter (sur soi) Wear
55%
Jeter Throw
54%
enseigner Taught
53%
enseigner Taught
53%
jeter Threw
50%
porter (sur soi) Wore
50%
jeter Thrown
47%
coller Stuck
40%
coller Stuck
40%
porter (sur soi) Worn
36%
Déchirer Tear
30%
déchirer Tore
28%
Piquer (insecte, serpent) Sting
25%
piquer (insecte, serpent) Stung
25%
piquer (insecte, serpent) Stung
24%
déchirer Torn
24%
Aucun quiz correspondant
Distribution des résultats
% des personnes avec chaque résultat
Percentile par nombre de réponses
Votre historique - résultats
Vous n’avez pas pris ce quiz